书目信息 |
| 题名: |
“实践论”解说
|
|
| 作者: | 李达 著 | |
| 分册: | ||
| 出版信息: | 北京 三联书店 1951 |
|
| 页数: | 181页 | |
| 开本: | 20cm | |
| 丛书名: | ||
| 单 册: | ||
| 中图分类: | A423 | |
| 科图分类: | ||
| 主题词: | 毛泽东著作--单行本 | |
| 电子资源: | ||
| ISBN: | ||
| 000 | 00478nam0 2200181 450 | |
| 001 | 0658711343 | |
| 005 | 20060810162009.46 | |
| 010 | @d旧币5700.00 | |
| 100 | @a20060810d1951 km y0chiy0120 ea | |
| 101 | 0 | @achi |
| 200 | 1 | @a“实践论”解说@A“shi jian lun”jie shuo@f李达著@Fli da zhu |
| 210 | @a北京@c三联书店@d1951 | |
| 215 | @a181页@d20cm | |
| 606 | 0 | @a毛泽东著作@x单行本 |
| 690 | @aA423@v3 | |
| 701 | 0 | @a李达@Ali da@4著 |
| 801 | 0 | @aCN@bPFT@c20060810 |
| 905 | @a10447@dA423@e36 | |
| “实践论”解说/李达著.-北京:三联书店,1951 |
| 181页;20cm |
| ISBN :旧币5700.00 |
| ● |
| 相关链接 |
|
|
|
|
正题名:"实践论"解说
索取号:A423/36
 
预约/预借
| 序号 | 登录号 | 条形码 | 馆藏地/架位号 | 状态 | 备注 |
| 1 | 0448492 | 204484922 | 密集书库/ [索取号:A423/36] | 在馆 |